000 00461nam a2200181Ia 4500
001 3440
005 20260306145643.0
008 260306t2005||||xx |||||||||||||| ||spa||
041 _aESP
082 _a278.092
_bB96
100 _aBustamante de la Fuente, Manuel J.
_eAUT
245 0 _aLa monja Gutiérrez y la Arequipa de ayer y de hoy
260 _c2005
300 _a232 páginas :
_c24 cm.
650 _aGEN
654 _aCHU
942 _cLIB
_dJUS
_fJUS
_2ddc
_n
999 _c3440
_d3440